Folklór a városban
Elmentve itt :
| Szerző: | |
|---|---|
| Dokumentumtípus: | Cikk |
| Megjelent: |
1977-03-04
|
| Sorozat: | Délmagyarország
67 No. 53 |
| Kulcsszavak: | Bartók Béla Művelődési Központ, népművészet |
| Online Access: | http://dmarchiv.bibl.u-szeged.hu/110897 |
| LEADER | 00482nab a2200157 i 4500 | ||
|---|---|---|---|
| 001 | delm110897 | ||
| 005 | 20190530100952.0 | ||
| 008 | 190530s1977 hu o 0|| hun d | ||
| 040 | |a SZTE Délmagyarország Archívum |b hun | ||
| 041 | |a hun | ||
| 100 | 1 | |a Sulyok Erzsébet | |
| 245 | 1 | 0 | |a Folklór a városban |h [elektronikus dokumentum] / |c Sulyok Erzsébet |
| 260 | |c 1977-03-04 | ||
| 300 | |a 5 | ||
| 490 | 0 | |a Délmagyarország |v 67 No. 53 | |
| 695 | |a Bartók Béla Művelődési Központ, népművészet | ||